[Event "Granby op"]
[Site "Granby"]
[Date "2017.11.26"]
[Round "5"]
[White "Guipi Bopala, Prince Eric Jr"]
[Black "Saint Onge, Pierre"]
[Result "1-0"]
[WhiteElo "1868"]
[BlackElo "1541"]
[PlyCount "80"]
[EventDate "2017.11.24"]
[EventType "swiss"]
[EventRounds "5"]
[EventCountry "CAN"]
[SourceTitle "EXT 2022"]
[Source "ChessBase"]
[SourceDate "2021.10.06"]
[SourceVersion "1"]
[SourceVersionDate "2021.10.06"]
[SourceQuality "1"]

1. e4 e5 2. Nf3 Nc6 3. Bb5 Qf6 4. d3 h6 5. 0-0 g5 6. Nc3 Bd6 7. Nd5 Qg7 8. c4 Nge7 9. c5 Nxd5 10. exd5 Bxc5 11. dxc6 dxc6 12. Bc4 Bd6 13. Re1 g4 14. Nxe5 0-0 15. Nxf7 Rxf7 16. Qb3 Bd7 17. Bxf7+ Qxf7 18. Qxf7+ Kxf7 19. d4 Be6 20. a3 a5 21. g3 h5 22. Bf4 Bxf4 23. gxf4 Rd8 24. Rad1 Bb3 25. Rd3 Bc4 26. Rde3 Rd7 27. Re5 h4 28. Rh5 Rxd4 29. Rxh4 Rxf4 30. h3 Be6 31. hxg4 Rf3 32. Re3 Rf4 33. Kg2 Bd5+ 34. Kg3 Rd4 35. Rh7+ Kg6 36. Rxc7 Rd1 37. Rxb7 a4 38. Rb4 Rg1+ 39. Kf4 Rg2 40. f3 Bb3 1-0

[Event "Granby op"]
[Site "Granby"]
[Date "2017.11.25"]
[Round "2"]
[White "Zhong, Kevin"]
[Black "Saint Onge, Pierre"]
[Result "1-0"]
[WhiteElo "2060"]
[BlackElo "1541"]
[PlyCount "41"]
[EventDate "2017.11.24"]
[EventType "swiss"]
[EventRounds "5"]
[EventCountry "CAN"]
[SourceTitle "EXT 2022"]
[Source "ChessBase"]
[SourceDate "2021.10.06"]
[SourceVersion "1"]
[SourceVersionDate "2021.10.06"]
[SourceQuality "1"]

1. e4 e5 2. Nf3 Nc6 3. Bc4 g5 4. d4 g4 5. Nxe5 Nxe5 6. dxe5 Ne7 7. Nc3 c6 8. Bg5 Qa5 9. Bf6 Rg8 10. 0-0 Ng6 11. Nb5 cxb5 12. Bxf7+ Kxf7 13. Qd5+ Ke8 14. Qxg8 Qd2 15. Rad1 Qh6 16. e6 Ne5 17. Bxe5 Qxe6 18. Qh8 Qf7 19. Rd6 Qe7 20. Rf6 a5 21. Bd6 1-0